000 00408nam a2200157 a 4500
005 20140412111416.0
008 070813s19uu xx 00 eng d
020 _a0-439-41965-4
050 _aTR(GS 372.7
_bM42 2002
245 _aMath Grade 1.
260 _aNew York :
_bScholastic,
_c2002.
300 _a64p.
440 _aScholastic success with
650 _aMathematics
_xelementary
999 _c105830
_d105830